000 00198 a2200097 4500
001 9056
100 _aDixon, W M
245 _aThe english parnassus.
260 _a
_bOxford
_c
090 _c7238
_d7238
942 _aNUST-CAE
_c33865
_cM
999 _c244129
_d244129